Language Quiz

Random Language or Latin Quiz
Score 0/30 Timer 06:00
0 Plays Today
% Correct
m
100%
3
100%
persuādēre
100%
condere
100%
adulēscentis
75%
young man
75%
cōnsulis
75%
m
75%
3
75%
trīstis
75%
sad
75%
audāx
75%
audāx
75%
here, to here, hither
75%
and (enclitic)
75%
% Correct
persuāsus
75%
2
75%
to persuade (dat) of (acc); make (acc) agreeable to (dat)
75%
3
75%
audācis
75%
consul
50%
trīste
50%
bold
50%
persuāsī
50%
conditus
50%
to found, establish
50%
gladly
25%
again
25%
condidī
25%
certainly, of course
0%
Remove Ads.
Support Sporcle.
Get the best of Sporcle when you Go Orange. This ad-free experience offers more features, more stats, and more fun while also helping to support Sporcle. Thank you for becoming a member.

You're not logged in!

Compare scores with friends on all Sporcle quizzes.
OR
Log In

Sporcle TV

Today on Sporcle TV


Watch our educational content, quiz creation guides, and fun videos on Sporcle TV.

Show Comments

Extras

Top Quizzes Today


Score Distribution

Paid Content

Your Account Isn't Verified!

In order to create a playlist on Sporcle, you need to verify the email address you used during registration. Go to your Sporcle Settings to finish the process.

Report this User

Report this user for behavior that violates our Community Guidelines.

Details: